LIBRARY & INFORMATION CENTRE, KCAET, TAVANUR

ONLINE PUBLIC ACCESS CATALOGUE (OPAC)

Kerala swanthanthrya samaram / (Record no. 4631)

MARC details
000 -LEADER
fixed length control field 00408cam a2200169ua 4500
041 ## - LANGUAGE CODE
Language code of text/sound track or separate title mal
082 ## - DEWEY DECIMAL CLASSIFICATION NUMBER
Classification number 954.83
Item number PAN/KE
100 ## - MAIN ENTRY--AUTHOR NAME
Personal name Panicker, K M .
245 ## - TITLE STATEMENT
Title Kerala swanthanthrya samaram /
260 ## - PUBLICATION, DISTRIBUTION, ETC. (IMPRINT)
Place of publication Quilon :
Name of publisher M S Book Depot ,
Year of publication 1963.
300 ## - PHYSICAL DESCRIPTION
Number of Pages 564 ; .
942 ## - ADDED ENTRY ELEMENTS (KOHA)
Koha item type Books
Holdings
Withdrawn status Lost status Damaged status Home library Current library Date acquired Full call number Accession Number Koha item type
Withdrawn     KAUAET Malayalam University 07/04/2012 954.83 1035 Books
free website counter